|
|
|
|
| LEADER |
00000nam a2200000 i 4500 |
| 001 |
1/80755 |
| 008 |
970227s1986 gre d |
| 035 |
|
|
|a 1990
|b 3
|c Δωρεά
|l 10033524
|
| 040 |
|
|
|a GR-MY-UA
|b gre
|e aacr
|
| 041 |
0 |
|
|a gre
|
| 082 |
0 |
|
|a 889.3
|
| 100 |
1 |
|
|a Μαρτίνης, Γιώργος.
|
| 245 |
1 |
0 |
|a Κατακαλών και Δανιηλίς :
|b ιστορικό μυθιστόρημα /
|c Γιώργου Μαρτίνη
|
| 260 |
|
|
|a Αθήνα :
|b Μαυρίδης,
|c 1986
|
| 300 |
|
|
|a 134 σ.
|
| 650 |
0 |
0 |
|a Historical fiction, Greek (Modern)
|
| 852 |
|
|
|a INST
|b RHODES
|e 19970227
|h 889.3 ΜΑΡ
|p 005400010210
|q 005400010210
|t BK
|y 0
|
| 909 |
|
|
|a Ρ
|b 017509
|c 1990
|
| 970 |
|
|
|z 2000/07/ΚΑΤΕΡΙΝΑ
|